000 03117cam a2200373 4500500
005 20251228063843.0
041 _afre
042 _adc
100 1 0 _aBoutillier, Sophie
_eauthor
245 0 0 _aRévolution industrielle, industrie 4.0 et idéologie
260 _c2024.
500 _a70
520 _aAprès la machine à vapeur, le Taylorisme et le Toyotisme, les robots, les ordinateurs… l’ère est aujourd’hui celle de la digitalisation de l’industrie (ou industrie 4.0, voire d’une quatrième révolution industrielle), de l’intelligence artificielle, de l’internet des objets… La question à laquelle nous allons tenter de répondre dans le cadre de cet article est double, en revenant d’une part sur la genèse du concept de révolution industrielle, d’autre part en appliquant ce cadre théorique pour analyser la quatrième révolution industrielle, qui serait en train de se développer. Nous montrerons ainsi le caractère idéologique du concept de révolution industrielle, pour l’appliquer au cas de la quatrième révolution industrielle, pour discuter si les transformations techniques actuelles s’inscrivent dans la continuité du modèle industriel précédent, ou s’il s’agit d’une véritable rupture technique et comment les États et les industriels, par le biais de mesures de politique publique, agissent pour soutenir cette évolution, pour le bénéfice des industriels.
520 _aAfter the steam engine, Taylorism and Toyotism, robots, computers… the present era is now that of the digitalization of industry (or industry 4.0, or even a fourth industrial revolution), artificial intelligence, the Internet of Things… The question we will try to answer in this article is twofold: firstly, we will look back at the genesis of the concept of industrial revolution, and secondly, we will apply this theoretical framework to analyze the fourth industrial revolution, which is said to be developing. We will thus show the ideological character of the concept of industrial revolution, to apply it to the case of the fourth industrial revolution, to discuss whether the current technical transformations are a continuation of the previous industrial model or whether they are a true technological rupture, and how states and entrepreneurs, through public policy measures, act to support this evolution, for the benefit of industrialists.
690 _aEntrepreneur
690 _aHistoire économique
690 _aIdéologie
690 _aIndustrie 4.0
690 _aPolitique publique
690 _aProgrès technique
690 _aRévolution industrielle
690 _aEconomic history
690 _aEntrepreneur
690 _aIdeology
690 _aIndustrial revolution
690 _aIndustry 4.0
690 _aN00
690 _aO14
690 _aO33
690 _aPublic policy
690 _aTechnical progress
786 0 _nMarché et organisations | 51 | 3 | 2024-07-31 | p. 13-42 | 1953-6119
856 4 1 _uhttps://shs.cairn.info/revue-marche-et-organisations-2024-3-page-13?lang=fr&redirect-ssocas=7080
999 _c1588873
_d1588873